Normal view
MARC view
- Strabolgi, R.N, Lord
Entry Personal Name
001 - CONTROL NUMBER
- control field: 48977
003 - CONTROL NUMBER IDENTIFIER
- control field: NUST
005 - DATE AND TIME OF LATEST TRANSACTION
- control field: 20210314134216.0
008 - FIXED-LENGTH DATA ELEMENTS
- fixed length control field: 210314|| aca||aabn | a|a d
040 ## - CATALOGING SOURCE
- Original cataloging agency: NUST
- Transcribing agency: NUST
100 ## - HEADING--PERSONAL NAME
- Personal name: Strabolgi, R.N, Lord
670 ## - SOURCE DATA FOUND
- Source citation: Work cat.: (NUST): Strabolgi, R.N, Lord, From Gibraltar to Suez , 2-01-97
